000 00541 a2200193 4500
020 _a0-07-213078-4
040 _aDLC
082 _a621.3827
100 1 _aGoralski, Walter
245 0 0 _aOptical networking & WDM
_cWalter Goralski
260 _aBerkeley, Ca. :
_bOsborne/McGraw-Hill,
_cc2001.
300 _axviii, 556 p.
650 7 _aBredbandskommunikation
650 7 _aFiber optics
650 7 _aComputer networks
650 7 _aBroadband communication systems
740 0 _aOptical networking and WDM
942 _cBK
_k621.3827 GOR
_2ddc
999 _c4652
_d4652